Business Ethics Concepts and Cases (Record no. 990)

MARC details
000 -LEADER
fixed length control field 00419nam a22001697a 4500
005 - DATE AND TIME OF LATEST TRANSACTION
control field 20160518105238.0
008 - FIXED-LENGTH DATA ELEMENTS--GENERAL INFORMATION
fixed length control field 160518b xxu||||| |||| 00| 0 eng d
020 ## - INTERNATIONAL STANDARD BOOK NUMBER
ISBN 81-203-2109-X
041 ## - LANGUAGE CODE
Language code of text/sound track or separate title eng
082 ## - DEWEY DECIMAL CLASSIFICATION NUMBER
Item number 2784
100 ## - MAIN ENTRY--AUTHOR NAME
Personal name Velasquez Manuel G.
245 ## - TITLE STATEMENT
Title Business Ethics Concepts and Cases
260 ## - PUBLICATION, DISTRIBUTION, ETC. (IMPRINT)
Place of publication New Delhi
Name of publisher Prentice hall of India,
300 ## - PHYSICAL DESCRIPTION
Number of Pages 511
650 ## - SUBJECT ADDED ENTRY--TOPICAL TERM
Topical Term Management
942 ## - ADDED ENTRY ELEMENTS (KOHA)
Koha item type Books
Holdings
Lost status Damaged status Collection code Home library Current library Shelving location Date acquired Cost, normal purchase price Full call number Accession Number Koha item type
    MANAGEMENT JRU Library JRU Library SHELF-62 -H 18/05/2016 295.00 2784 2784 Books
    MANAGEMENT JRU Library JRU Library SHELF-62 -H 18/05/2016 295.00 2784 2785 Books
Lost     JRU Library JRU Library   18/05/2016 295.00 2784 2786 Books
    MANAGEMENT JRU Library JRU Library SHELF-60-I 18/05/2016 295.00 2784 2787 Books